[Event "1516VL"]
[Site "Mecklenburg-Vorpommern"]
[Date "2016.02.21"]
[Round "6.2"]
[White "Kliewe, Hans Juergen"]
[Black "Stoevesand, Peter"]
[Result "1/2-1/2"]
[WhiteElo "1964"]
[BlackElo "1864"]
[PlyCount "43"]
[EventDate "2015.10.11"]
[EventType "team-tourn"]
[EventRounds "9"]
[EventCountry "GER"]
[SourceDate "2015.09.20"]
[WhiteTeam "ASV GW Wismar "]
[BlackTeam "SG Neubrandenburg"]
[WhiteTeamCountry "GER"]
[BlackTeamCountry "GER"]

1. d4 d5 2. Bf4 Nf6 3. e3 e6 4. Nf3 Be7 5. h3 Nbd7 6. Nbd2 b6 7. Bd3 Bb7 8. O-O
O-O 9. c3 c5 10. Ne5 Nxe5 11. dxe5 Ne4 12. Nf3 f6 13. exf6 Bxf6 14. Qc2 Qe8 15.
Nd2 e5 16. Bh2 Ng5 17. f4 e4 18. fxg5 exd3 19. Qxd3 Bxg5 20. Rxf8+ Qxf8 21. Rf1
Qe7 22. Bf4 1/2-1/2

[Event "1516VL"]
[Site "Mecklenburg-Vorpommern"]
[Date "2016.02.21"]
[Round "6.3"]
[White "Kunow, Frank"]
[Black "Stutz, Reno"]
[Result "1/2-1/2"]
[WhiteElo "1860"]
[BlackElo "1933"]
[PlyCount "112"]
[EventDate "2015.10.11"]
[EventType "team-tourn"]
[EventRounds "9"]
[EventCountry "GER"]
[SourceDate "2015.09.20"]
[WhiteTeam "SG Neubrandenburg"]
[BlackTeam "ASV GW Wismar "]
[WhiteTeamCountry "GER"]
[BlackTeamCountry "GER"]

1. Nf3 d5 2. c4 e6 3. g3 Nf6 4. Bg2 dxc4 5. Qc2 Nbd7 6. a4 Be7 7. Na3 O-O 8.
O-O c6 9. Nxc4 Nb6 10. b3 Nbd5 11. Bb2 Nb4 12. Qc3 a5 13. d3 Bd7 14. e4 Rc8 15.
Nfe5 b5 16. Nxd7 bxc4 17. Nxf8 Qxd3 18. Qxc4 Kxf8 19. Rfd1 Qxc4 20. bxc4 c5 21.
Be5 Ke8 22. Rd2 g6 23. Rad1 Ng4 24. Bd6 Bf6 25. h3 Ne5 26. Bxe5 Bxe5 27. Rd7
Bd4 28. Ra7 Nc6 29. Rb7 Ne5 30. Bf1 Rd8 31. Rdb1 Nf3+ 32. Kg2 Nd2 33. Re1 Bc3
34. Re3 Bd4 35. Re1 Bc3 36. Rd1 Rd4 37. f3 Nxf1 38. Rxf1 Rxc4 39. Rc1 Rb4 40.
Rxb4 axb4 41. Kf1 Bd4 42. Rb1 Kd7 43. Ke2 Kc6 44. Kd3 Kb6 45. Kc4 Ka5 46. Kb3
e5 47. f4 f6 48. fxe5 Bxe5 49. g4 g5 50. Rc1 Bd4 51. Rc2 h6 52. Kc4 Kb6 53. Rh2
Bg1 54. Rh1 Bf2 55. Rf1 Bd4 56. Rb1 Ka5 1/2-1/2

[Event "1516VL"]
[Site "Mecklenburg-Vorpommern"]
[Date "2016.02.21"]
[Round "6.4"]
[White "Schulz, Bernd"]
[Black "Pruesse, Horst"]
[Result "0-1"]
[WhiteElo "1882"]
[BlackElo "1976"]
[PlyCount "118"]
[EventDate "2015.10.11"]
[EventType "team-tourn"]
[EventRounds "9"]
[EventCountry "GER"]
[SourceDate "2015.09.20"]
[WhiteTeam "ASV GW Wismar "]
[BlackTeam "SG Neubrandenburg"]
[WhiteTeamCountry "GER"]
[BlackTeamCountry "GER"]

1. e4 c5 2. Nf3 e6 3. d4 cxd4 4. Nxd4 a6 5. Nc3 Qc7 6. Bd3 Nc6 7. Nxc6 dxc6 8.
O-O e5 9. Be3 Nf6 10. f3 Be6 11. a3 Nd7 12. Qe1 Bc5 13. Nd1 f6 14. Qf2 Qb6 15.
b4 Bxe3 16. Qxe3 Ke7 17. Kf2 Rhd8 18. Nb2 Qd4 19. Qxd4 exd4 20. Rfd1 b5 21. a4
Ne5 22. Bf1 Bc4 23. Nd3 g5 24. Nxe5 fxe5 25. Bd3 Rdc8 26. Rdb1 Kd6 27. Ke2 c5
28. bxc5+ Kxc5 29. Kd2 b4 30. a5 Rab8 31. Rb2 Rf8 32. Ke2 h5 33. h3 g4 34. hxg4
hxg4 35. Rbb1 g3 36. Rh1 Rh8 37. Raf1 b3 38. Bxc4 Rxh1 39. Rxh1 Kxc4 40. cxb3+
Rxb3 41. Rc1+ Rc3 42. Rd1 Rc2+ 43. Rd2 Rc1 44. f4 exf4 45. e5 Rc3 46. Ra2 Re3+
47. Kd2 Kd5 48. Rb2 Rxe5 49. Rb6 Re6 50. Rb8 Ke4 51. Rb6 Kd5 52. Rb8 Re3 53.
Rd8+ Kc4 54. Rc8+ Kb5 55. Rd8 Re4 56. Kd3 Re1 57. Rd5+ Kc6 58. Rf5 Rf1 59. Kxd4
f3 0-1

[Event "1516VL"]
[Site "Mecklenburg-Vorpommern"]
[Date "2016.02.21"]
[Round "6.5"]
[White "Witkowski, Rainer"]
[Black "Podolskiy, Alexander"]
[Result "1/2-1/2"]
[WhiteElo "1835"]
[BlackElo "1871"]
[PlyCount "30"]
[EventDate "2015.10.11"]
[EventType "team-tourn"]
[EventRounds "9"]
[EventCountry "GER"]
[SourceDate "2015.09.20"]
[WhiteTeam "SG Neubrandenburg"]
[BlackTeam "ASV GW Wismar "]
[WhiteTeamCountry "GER"]
[BlackTeamCountry "GER"]

1. e4 e5 2. Nf3 d6 3. Bc4 Be7 4. d4 exd4 5. Nxd4 Nf6 6. Nc3 O-O 7. O-O a6 8. a4
Nc6 9. Nxc6 bxc6 10. Re1 Be6 11. Qe2 Bxc4 12. Qxc4 Qd7 13. Bg5 Ng4 14. Bxe7
Qxe7 15. Qe2 Qh4 1/2-1/2

[Event "1516VL"]
[Site "Mecklenburg-Vorpommern"]
[Date "2016.02.21"]
[Round "6.6"]
[White "Borchert, Ulf"]
[Black "Baier, Karsten"]
[Result "1-0"]
[WhiteElo "1822"]
[BlackElo "1850"]
[PlyCount "83"]
[EventDate "2015.10.11"]
[EventType "team-tourn"]
[EventRounds "9"]
[EventCountry "GER"]
[SourceDate "2015.09.20"]
[WhiteTeam "ASV GW Wismar "]
[BlackTeam "SG Neubrandenburg"]
[WhiteTeamCountry "GER"]
[BlackTeamCountry "GER"]

1. d4 e6 2. Nf3 f5 3. Bf4 Nf6 4. e3 Be7 5. Bd3 O-O 6. Nbd2 d5 7. h3 c5 8. c3 c4
9. Bc2 b5 10. Ne5 Bd7 11. Ndf3 Nc6 12. Nxc6 Bxc6 13. Ne5 Be8 14. f3 Nh5 15. O-O
Bh4 16. Bh2 Ng3 17. Bxg3 Bxg3 18. f4 Rf6 19. Qf3 Bh4 20. g3 Rh6 21. gxh4 Qxh4
22. Kh2 Bh5 23. Qg3 Bg4 24. Nxg4 fxg4 25. Qxh4 Rxh4 26. Rae1 Rxh3+ 27. Kg2 a5
28. Rh1 b4 29. Rxh3 gxh3+ 30. Kxh3 Rb8 31. Rb1 Kf7 32. a3 Kf6 33. e4 dxe4 34.
Bxe4 g5 35. Kg4 h5+ 36. Kxh5 Rh8+ 37. Kg4 Rh4+ 38. Kg3 Rxf4 39. Bg2 Ke7 40. Re1
Kd6 41. Bh3 Rf6 42. Re5 1-0

[Event "1516VL"]
[Site "Mecklenburg-Vorpommern"]
[Date "2016.02.21"]
[Round "6.7"]
[White "Winkler, Karl"]
[Black "Bahr, Enrico"]
[Result "1-0"]
[WhiteElo "1863"]
[BlackElo "1821"]
[PlyCount "117"]
[EventDate "2015.10.11"]
[EventType "team-tourn"]
[EventRounds "9"]
[EventCountry "GER"]
[SourceDate "2015.09.20"]
[WhiteTeam "SG Neubrandenburg"]
[BlackTeam "ASV GW Wismar "]
[WhiteTeamCountry "GER"]
[BlackTeamCountry "GER"]

1. e4 d5 2. exd5 Qxd5 3. Nc3 Qa5 4. d4 c6 5. Bd2 Nf6 6. Nf3 Bg4 7. Be2 e6 8.
O-O Be7 9. Re1 O-O 10. Ne5 Bxe2 11. Qxe2 Qb6 12. Qd3 Na6 13. Be3 Rfd8 14. Nc4
Qc7 15. Qe2 Nb4 16. a3 Nbd5 17. Nxd5 Nxd5 18. c3 Rac8 19. Qg4 Bf6 20. Bg5 Bxg5
21. Qxg5 Qf4 22. Qxf4 Nxf4 23. Re4 Nd5 24. Kf1 Kf8 25. Rae1 Nf6 26. R4e3 c5 27.
dxc5 Rxc5 28. Ne5 Rcd5 29. R3e2 Ke7 30. f4 Nd7 31. Nxd7 R8xd7 32. Kf2 Kd6 33.
Re5 Kc5 34. b3 b5 35. Rd1 a5 36. Rd4 f6 37. Rdxd5+ Rxd5 38. Rxd5+ exd5 39. Ke3
a4 40. bxa4 bxa4 41. Kd3 f5 42. h3 h6 43. h4 g6 44. g3 h5 45. Kd2 d4 46. Kd3
dxc3 47. Kxc3 Kd5 48. Kb4 Ke4 49. Kxa4 Kf3 50. Kb4 Kxg3 51. a4 Kxf4 52. a5 Kg3
53. a6 Kxh4 54. a7 f4 55. a8=Q Kg4 56. Qg2+ Kf5 57. Kc4 g5 58. Qh3+ Kg6 59.
Qe6+ 1-0

[Event "1516VL"]
[Site "Mecklenburg-Vorpommern"]
[Date "2016.02.21"]
[Round "6.8"]
[White "Pentzien, Volker"]
[Black "Bugdahl, Felix"]
[Result "0-1"]
[WhiteElo "1810"]
[BlackElo "1781"]
[PlyCount "50"]
[EventDate "2015.10.11"]
[EventType "team-tourn"]
[EventRounds "9"]
[EventCountry "GER"]
[SourceDate "2015.09.20"]
[WhiteTeam "ASV GW Wismar "]
[BlackTeam "SG Neubrandenburg"]
[WhiteTeamCountry "GER"]
[BlackTeamCountry "GER"]

1. c4 Nf6 2. Nf3 g6 3. g3 Bg7 4. Bg2 O-O 5. O-O c6 6. Nc3 d5 7. cxd5 cxd5 8. d4
Nc6 9. Ne5 e6 10. Nxc6 bxc6 11. b3 c5 12. Ba3 Nd7 13. e3 Qa5 14. Na4 Ba6 15.
Re1 Rfc8 16. Rc1 cxd4 17. exd4 Rxc1 18. Bxc1 Bxd4 19. Bd2 Qd8 20. Bb4 Qf6 21.
Qd2 Ne5 22. Nc5 Bxc5 23. Bxc5 Nd3 24. Qe3 Nxe1 25. Bd4 Nxg2 0-1

[Event "1516VL"]
[Site "Mecklenburg-Vorpommern"]
[Date "2016.03.13"]
[Round "7.2"]
[White "Hubert, Peter"]
[Black "Kliewe, Hans Juergen"]
[Result "1/2-1/2"]
[WhiteElo "1986"]
[BlackElo "1964"]
[PlyCount "32"]
[EventDate "2015.10.11"]
[EventType "team-tourn"]
[EventRounds "9"]
[EventCountry "GER"]
[SourceDate "2015.09.20"]
[WhiteTeam "FHSG Stralsund"]
[BlackTeam "ASV GW Wismar "]
[WhiteTeamCountry "GER"]
[BlackTeamCountry "GER"]

1. Nf3 d5 2. d4 c6 3. c3 Bf5 4. Bf4 e6 5. e3 Nf6 6. Qb3 Qb6 7. h3 Nbd7 8. Nbd2
Ne4 9. Nxe4 Bxe4 10. Be2 Be7 11. O-O O-O 12. Nd2 Bg6 13. c4 Rfe8 14. Rfc1 Qb4
15. Qxb4 Bxb4 16. Nf3 dxc4 1/2-1/2

[Event "1516VL"]
[Site "Mecklenburg-Vorpommern"]
[Date "2016.03.13"]
[Round "7.3"]
[White "Stutz, Reno"]
[Black "Glawe, Hartmut"]
[Result "1-0"]
[WhiteElo "1933"]
[BlackElo "1908"]
[PlyCount "53"]
[EventDate "2015.10.11"]
[EventType "team-tourn"]
[EventRounds "9"]
[EventCountry "GER"]
[SourceDate "2015.09.20"]
[WhiteTeam "ASV GW Wismar "]
[BlackTeam "FHSG Stralsund"]
[WhiteTeamCountry "GER"]
[BlackTeamCountry "GER"]

1. d4 Nf6 2. Nf3 e6 3. e3 b6 4. Bd3 Bb7 5. Nbd2 d5 6. O-O Nbd7 7. b3 Bd6 8. Bb2
O-O 9. Ne5 Ne4 10. f4 f5 11. Rf3 Nxe5 12. fxe5 Bb4 13. Bxe4 dxe4 14. Rg3 Ba6
15. c4 Qe8 16. Qe2 Rd8 17. Rf1 Be7 18. Rf4 Kh8 19. h4 c5 20. h5 Rd7 21. d5 Rxd5
22. Nxe4 fxe4 23. Qg4 g5 24. cxd5 exd5 25. e6+ Kg8 26. Rxf8+ Kxf8 27. Qf5+ 1-0

[Event "1516VL"]
[Site "Mecklenburg-Vorpommern"]
[Date "2016.03.13"]
[Round "7.4"]
[White "Kohn, Andreas"]
[Black "Schulz, Bernd"]
[Result "1-0"]
[WhiteElo "1947"]
[BlackElo "1882"]
[PlyCount "71"]
[EventDate "2015.10.11"]
[EventType "team-tourn"]
[EventRounds "9"]
[EventCountry "GER"]
[SourceDate "2015.09.20"]
[WhiteTeam "FHSG Stralsund"]
[BlackTeam "ASV GW Wismar "]
[WhiteTeamCountry "GER"]
[BlackTeamCountry "GER"]

1. e4 e5 2. Nf3 Nf6 3. Nc3 Nc6 4. Bc4 Bc5 5. d3 d6 6. h3 Be6 7. Bb3 Qd7 8. O-O
Nd4 9. Nxd4 Bxd4 10. Qf3 O-O-O 11. Be3 Bxe3 12. Qxe3 Kb8 13. a4 c6 14. Ra3 Nh5
15. Rfa1 Nf4 16. Nb5 c5 17. Bxe6 Nxe6 18. b4 Nd4 19. R3a2 Nxb5 20. axb5 Qxb5
21. Rxa7 Qc6 22. Qg5 Qd7 23. bxc5 f6 24. Qe3 d5 25. exd5 Qxd5 26. R7a4 Qc6 27.
Qg3 g6 28. d4 Rhe8 29. c3 Kc7 30. f4 Kd7 31. fxe5 fxe5 32. dxe5 Qxc5+ 33. Rd4+
Kc6 34. Qf4 Rxe5 35. Kh1 b5 36. Rxd8 1-0

[Event "1516VL"]
[Site "Mecklenburg-Vorpommern"]
[Date "2016.03.13"]
[Round "7.5"]
[White "Podolskiy, Alexander"]
[Black "Kohn, Thomas"]
[Result "1/2-1/2"]
[WhiteElo "1871"]
[BlackElo "1854"]
[PlyCount "67"]
[EventDate "2015.10.11"]
[EventType "team-tourn"]
[EventRounds "9"]
[EventCountry "GER"]
[SourceDate "2015.09.20"]
[WhiteTeam "ASV GW Wismar "]
[BlackTeam "FHSG Stralsund"]
[WhiteTeamCountry "GER"]
[BlackTeamCountry "GER"]

1. e4 c5 2. Nf3 Nc6 3. d4 cxd4 4. Nxd4 g6 5. Be3 Bg7 6. Nc3 Nf6 7. f3 O-O 8.
Qd2 d5 9. O-O-O Nxd4 10. Bxd4 dxe4 11. Qf4 Qa5 12. fxe4 Be6 13. a3 Rfc8 14. Be2
Nh5 15. Qe3 Nf6 16. h3 Bc4 17. Bf3 e5 18. Qg5 Nd7 19. Be3 f6 20. Qg4 Nb6 21.
Nd5 Nxd5 22. Qe6+ Kh8 23. exd5 Bb3 24. Rd2 Qc7 25. c3 Re8 26. d6 Bxe6 27. dxc7
Rac8 28. Bxb7 Rxc7 29. Bd5 Bxd5 30. Rxd5 Kg8 31. Rhd1 Kf7 32. Bc5 Ke6 33. g4
Bf8 34. Bxf8 1/2-1/2

[Event "1516VL"]
[Site "Mecklenburg-Vorpommern"]
[Date "2016.03.13"]
[Round "7.6"]
[White "Klepin, Wilfried"]
[Black "Borchert, Ulf"]
[Result "0-1"]
[WhiteElo "1850"]
[BlackElo "1822"]
[PlyCount "96"]
[EventDate "2015.10.11"]
[EventType "team-tourn"]
[EventRounds "9"]
[EventCountry "GER"]
[SourceDate "2015.09.20"]
[WhiteTeam "FHSG Stralsund"]
[BlackTeam "ASV GW Wismar "]
[WhiteTeamCountry "GER"]
[BlackTeamCountry "GER"]

1. d4 d5 2. f4 Nf6 3. Nf3 Bf5 4. e3 e6 5. c3 Bd6 6. Bd3 O-O 7. Qc2 Bxd3 8. Qxd3
Nbd7 9. Nbd2 h6 10. O-O c5 11. Ne5 Qb6 12. h3 cxd4 13. Nxd7 Nxd7 14. exd4 f5
15. Nf3 Nf6 16. c4 Qc6 17. c5 Bc7 18. b4 Ne4 19. a4 Rac8 20. Ra3 Qe8 21. Qb5
Rb8 22. Qxe8 Rfxe8 23. b5 Rbc8 24. a5 Bb8 25. Be3 Re7 26. Re1 Kf7 27. a6 Kf6
28. Ne5 Bxe5 29. dxe5+ Kg6 30. b6 bxa6 31. Rxa6 axb6 32. cxb6 Nc3 33. Kh2 Nb5
34. Rb1 d4 35. Bd2 Nc3 36. Rb4 Ne4 37. Rxd4 Rb8 38. Ra7 Reb7 39. Be3 Rxb6 40.
Rdd7 Rb3 41. Rxg7+ Kh5 42. Bd4 Rd8 43. Ra4 Rd3 44. Bb6 Rb8 45. Ba7 Rb2 46. Ra1
Rdd2 47. Rg8 Ng5 48. fxg5 Rxg2+ 0-1

[Event "1516VL"]
[Site "Mecklenburg-Vorpommern"]
[Date "2016.03.13"]
[Round "7.7"]
[White "Bahr, Enrico"]
[Black "Giese, Lothar"]
[Result "1/2-1/2"]
[WhiteElo "1821"]
[BlackElo "1800"]
[PlyCount "45"]
[EventDate "2015.10.11"]
[EventType "team-tourn"]
[EventRounds "9"]
[EventCountry "GER"]
[SourceDate "2015.09.20"]
[WhiteTeam "ASV GW Wismar "]
[BlackTeam "FHSG Stralsund"]
[WhiteTeamCountry "GER"]
[BlackTeamCountry "GER"]

1. d4 d5 2. Nf3 e6 3. Bf4 Bd6 4. Bxd6 Qxd6 5. c3 Nd7 6. Nbd2 Ngf6 7. e3 O-O 8.
Bd3 e5 9. dxe5 Nxe5 10. Nxe5 Qxe5 11. Nf3 Qh5 12. O-O Bg4 13. Be2 c6 14. h3
Bxf3 15. Bxf3 Qg5 16. Qb3 Rab8 17. Rad1 Rfe8 18. Rd4 Qg6 19. Rfd1 Ne4 20. Bxe4
Rxe4 21. Qa4 Rxd4 22. Qxd4 Qc2 23. a3 1/2-1/2

[Event "1516VL"]
[Site "Mecklenburg-Vorpommern"]
[Date "2016.03.13"]
[Round "7.8"]
[White "Vietinghoff, Klaus"]
[Black "Pentzien, Volker"]
[Result "0-1"]
[WhiteElo "1757"]
[BlackElo "1810"]
[PlyCount "72"]
[EventDate "2015.10.11"]
[EventType "team-tourn"]
[EventRounds "9"]
[EventCountry "GER"]
[SourceDate "2015.09.20"]
[WhiteTeam "FHSG Stralsund"]
[BlackTeam "ASV GW Wismar "]
[WhiteTeamCountry "GER"]
[BlackTeamCountry "GER"]

1. f4 Nf6 2. Nf3 d5 3. e3 e6 4. d4 c5 5. Bb5+ Nc6 6. c3 Qb6 7. Ba4 Bd7 8. O-O
g6 9. Ne5 Nxe5 10. fxe5 Bxa4 11. Qxa4+ Nd7 12. Nd2 Bg7 13. Nf3 Rd8 14. Ng5 O-O
15. b4 cxd4 16. cxd4 f6 17. Nf3 fxe5 18. Bb2 e4 19. Nd2 Nf6 20. h3 Bh6 21. Rae1
Nh5 22. b5 Ng3 23. Rxf8+ Rxf8 24. Ba3 Rf7 25. Bc5 Qc7 26. Qa3 Nf5 27. Nf1 b6
28. Bb4 Qc4 29. Rc1 Qe2 30. Re1 Qd3 31. Qc1 Qxb5 32. Bd2 Qc4 33. Qa3 Bf8 34.
Qb2 Qd3 35. Rc1 Nd6 36. Qc2 Rxf1+ 0-1

[Event "1516VL"]
[Site "Mecklenburg-Vorpommern"]
[Date "2016.03.13"]
[Round "7.1"]
[White "Schinke, Andreas"]
[Black "Ruesch, Hans Joachim"]
[Result "0-1"]
[WhiteElo "2060"]
[BlackElo "1919"]
[PlyCount "52"]
[EventDate "2015.10.11"]
[EventType "team-tourn"]
[EventRounds "9"]
[EventCountry "GER"]
[SourceDate "2015.09.20"]
[WhiteTeam "SV BW Grevesmuehlen"]
[BlackTeam "SFO Warnemuende"]
[WhiteTeamCountry "GER"]
[BlackTeamCountry "GER"]

1. e4 g6 2. d4 Bg7 3. Nf3 d6 4. c4 Nf6 5. Nc3 O-O 6. Be2 Nbd7 7. O-O e5 8. Qc2
c6 9. h3 exd4 10. Nxd4 Re8 11. Bf4 Nc5 12. Bf3 Nfxe4 13. Nxc6 bxc6 14. Nxe4 Bf5
15. Rfe1 Qe7 16. Bxd6 Qxd6 17. Nxd6 Rxe1+ 18. Rxe1 Bxc2 19. b4 Nd3 20. Re2 Nxb4
21. a3 Bd3 22. Rd2 Bh6 23. Rd1 Bc2 24. axb4 Bxd1 25. Bxd1 Rd8 26. c5 Bf8 0-1

[Event "1516VL"]
[Site "Mecklenburg-Vorpommern"]
[Date "2016.03.13"]
[Round "7.2"]
[White "Schumacher, Dirk"]
[Black "Boehme, Andy"]
[Result "1-0"]
[WhiteElo "1958"]
[BlackElo "2048"]
[PlyCount "65"]
[EventDate "2015.10.11"]
[EventType "team-tourn"]
[EventRounds "9"]
[EventCountry "GER"]
[SourceDate "2015.09.20"]
[WhiteTeam "SFO Warnemuende"]
[BlackTeam "SV BW Grevesmuehlen"]
[WhiteTeamCountry "GER"]
[BlackTeamCountry "GER"]

1. e4 d5 2. exd5 Qxd5 3. Nc3 Qd8 4. Bc4 Nf6 5. Nf3 c6 6. d4 b5 7. Bb3 a5 8. a3
e6 9. O-O Bd6 10. Bg5 h6 11. Bxf6 gxf6 12. Re1 Be7 13. Qe2 Na6 14. d5 cxd5 15.
Rad1 Nc7 16. Nd4 Bd7 17. Ncxb5 Nxb5 18. Nxb5 a4 19. Bxd5 Ra5 20. Bc6 Bxc6 21.
Rxd8+ Bxd8 22. Nd6+ Ke7 23. Nxf7 Re8 24. Nxd8 Kxd8 25. Qd2+ Rd5 26. Qxh6 f5 27.
h4 Kd7 28. h5 Re7 29. Qf6 f4 30. h6 Rf5 31. Qxf5 exf5 32. Rxe7+ Kxe7 33. h7 1-0

[Event "1516VL"]
[Site "Mecklenburg-Vorpommern"]
[Date "2016.03.13"]
[Round "7.3"]
[White "Naujok, Joerg"]
[Black "Hamann, Dirk"]
[Result "1/2-1/2"]
[WhiteElo "1953"]
[BlackElo "1911"]
[PlyCount "35"]
[EventDate "2015.10.11"]
[EventType "team-tourn"]
[EventRounds "9"]
[EventCountry "GER"]
[SourceDate "2015.09.20"]
[WhiteTeam "SV BW Grevesmuehlen"]
[BlackTeam "SFO Warnemuende"]
[WhiteTeamCountry "GER"]
[BlackTeamCountry "GER"]

1. g3 e5 2. d3 d5 3. Nf3 Nc6 4. Nbd2 Nf6 5. e4 Bg4 6. Bg2 dxe4 7. dxe4 Bc5 8.
O-O O-O 9. c3 a5 10. Qc2 Qe7 11. Nc4 Rfd8 12. Be3 Bxe3 13. Nxe3 Qc5 14. h3 Be6
15. Rad1 h6 16. b3 Rxd1 17. Rxd1 Rd8 18. Rxd8+ 1/2-1/2

[Event "1516VL"]
[Site "Mecklenburg-Vorpommern"]
[Date "2016.03.13"]
[Round "7.4"]
[White "Giese, Guido"]
[Black "Wecke, Thoralf"]
[Result "1/2-1/2"]
[WhiteElo "1856"]
[BlackElo "1907"]
[PlyCount "22"]
[EventDate "2015.10.11"]
[EventType "team-tourn"]
[EventRounds "9"]
[EventCountry "GER"]
[SourceDate "2015.09.20"]
[WhiteTeam "SFO Warnemuende"]
[BlackTeam "SV BW Grevesmuehlen"]
[WhiteTeamCountry "GER"]
[BlackTeamCountry "GER"]

1. e4 d6 2. d4 Nf6 3. Nc3 c6 4. a4 Qa5 5. Bd3 e5 6. Nge2 Na6 7. O-O Be7 8. Bd2
O-O 9. Nd5 Qd8 10. Nxe7+ Qxe7 11. dxe5 dxe5 1/2-1/2

[Event "1516VL"]
[Site "Mecklenburg-Vorpommern"]
[Date "2016.03.13"]
[Round "7.5"]
[White "Stiegler, Maik"]
[Black "Schmidt, Reinhard"]
[Result "1/2-1/2"]
[WhiteElo "1888"]
[BlackElo "1795"]
[PlyCount "95"]
[EventDate "2015.10.11"]
[EventType "team-tourn"]
[EventRounds "9"]
[EventCountry "GER"]
[SourceDate "2015.09.20"]
[WhiteTeam "SV BW Grevesmuehlen"]
[BlackTeam "SFO Warnemuende"]
[WhiteTeamCountry "GER"]
[BlackTeamCountry "GER"]

1. d4 Nf6 2. Nf3 b6 3. c4 Bb7 4. Nc3 e6 5. Bg5 Be7 6. e3 d5 7. Rc1 O-O 8. Bd3
h6 9. Bh4 dxc4 10. Bxc4 Nbd7 11. O-O Ne4 12. Bxe7 Qxe7 13. Bd3 Ndf6 14. Nxe4
Bxe4 15. Bxe4 Nxe4 16. Qc2 Ng5 17. Nxg5 Qxg5 18. Qxc7 Qb5 19. b3 Qa6 20. Qc2
Rfc8 21. Qd2 Rxc1 22. Rxc1 Rc8 23. Rxc8+ Qxc8 24. h3 Qc6 25. f3 f5 26. Qe2 Qc3
27. g3 Kf7 28. Kg2 g5 29. f4 Kg6 30. g4 fxg4 31. hxg4 Qc6+ 32. Qf3 Qc2+ 33. Kh3
Qb1 34. d5 exd5 35. Qxd5 gxf4 36. Qg8+ Kf6 37. Qf8+ Kg6 38. Qxf4 Qxa2 39. Qf5+
Kg7 40. Qe5+ Kg6 41. Qe6+ Kg7 42. Kg3 Qe2 43. Kf4 Qf1+ 44. Ke5 Qb5+ 45. Kd6
Qc5+ 46. Kd7 a5 47. e4 b5 48. e5 1/2-1/2

[Event "1516VL"]
[Site "Mecklenburg-Vorpommern"]
[Date "2016.03.13"]
[Round "7.6"]
[White "Birnbaum, Wolf Dieter"]
[Black "Streit, Bodo"]
[Result "1-0"]
[WhiteElo "1782"]
[BlackElo "1765"]
[PlyCount "87"]
[EventDate "2015.10.11"]
[EventType "team-tourn"]
[EventRounds "9"]
[EventCountry "GER"]
[SourceDate "2015.09.20"]
[WhiteTeam "SFO Warnemuende"]
[BlackTeam "SV BW Grevesmuehlen"]
[WhiteTeamCountry "GER"]
[BlackTeamCountry "GER"]

1. Nf3 Nc6 2. d4 d5 3. g3 Nf6 4. Bg2 e6 5. O-O Bd6 6. c4 b6 7. Nc3 Bb7 8. Bg5
Be7 9. Rc1 O-O 10. Ne5 Nxe5 11. dxe5 Ne4 12. Bxe7 Nxc3 13. Bxd8 Nxd1 14. Be7
Nxb2 15. Bxf8 Kxf8 16. cxd5 Rc8 17. d6 Bxg2 18. Kxg2 c5 19. f4 Ke8 20. f5 Kd7
21. f6 g6 22. Rf4 c4 {RA} 23. Rh4 h5 24. g4 hxg4 25. Rh7 Rf8 26. Kg3 b5 27.
Kxg4 Na4 28. Kg5 Nc5 29. Kh6 Kc6 30. Kg7 Nd7 31. Rh3 Kd5 32. Ra3 Ra8 33. Kxf7
Nxe5+ 34. Ke7 a5 35. Rd1+ Kc5 36. f7 (36. Kxe6 $4 Re8#) 36... Nc6+ 37. Kxe6
Nd4+ 38. Rxd4 Kxd4 39. Ke7 c3 40. f8=Q Rxf8 41. Kxf8 c2 42. d7 c1=Q 43. d8=Q+
Ke5 44. Qe7+ 1-0

[Event "1516VL"]
[Site "Mecklenburg-Vorpommern"]
[Date "2016.03.13"]
[Round "7.7"]
[White "Haase, Sebastian"]
[Black "Boecking, Uwe"]
[Result "0-1"]
[WhiteElo "1731"]
[BlackElo "1738"]
[PlyCount "111"]
[EventDate "2015.10.11"]
[EventType "team-tourn"]
[EventRounds "9"]
[EventCountry "GER"]
[SourceDate "2015.09.20"]
[WhiteTeam "SV BW Grevesmuehlen"]
[BlackTeam "SFO Warnemuende"]
[WhiteTeamCountry "GER"]
[BlackTeamCountry "GER"]

1. d4 Nf6 2. Nf3 d5 3. Bf4 g6 4. e3 Bg7 5. Nbd2 O-O 6. Bd3 c5 7. c3 cxd4 8.
exd4 Nc6 9. Qe2 Nh5 10. Bg3 f6 11. O-O-O Bg4 12. h3 Nxg3 13. fxg3 Bd7 14. Nb3
Rc8 15. Nc5 e5 16. dxe5 fxe5 17. Nxd7 Qxd7 18. Bc4 Bh6+ 19. Kb1 Qf5+ 20. Ka1
dxc4 21. Qxc4+ Qf7 22. Qe4 Qe7 23. Rd5 Bg7 24. Rhd1 Rcd8 25. h4 Rxd5 26. Qxd5+
Qf7 27. Qe4 h6 28. g4 Rd8 29. Rf1 Qe6 30. b3 Qd6 31. Qc4+ Qd5 32. Qxd5+ Rxd5
33. Re1 e4 34. Rxe4 Bxc3+ 35. Kb1 Rd7 36. Kc2 Bg7 37. g5 Re7 38. Kd3 Rxe4 39.
Kxe4 Kf7 40. a3 Ke6 41. g4 h5 42. gxh5 gxh5 43. a4 Ne7 44. Nd2 Ng6 45. Nf3 a5
46. Nd2 Nxh4 47. Nc4 Bc3 48. Ne3 Ng6 49. Kf3 Ne5+ 50. Kg3 Bd2 51. Nc2 Bxg5 52.
b4 b6 53. bxa5 bxa5 54. Nd4+ Kd5 55. Nb3 Nc6 56. Nd2 0-1

[Event "1516VL"]
[Site "Mecklenburg-Vorpommern"]
[Date "2016.03.13"]
[Round "7.8"]
[White "Vladov, Mark"]
[Black "Barth, Richard"]
[Result "1-0"]
[WhiteElo "1686"]
[BlackElo "1501"]
[PlyCount "95"]
[EventDate "2015.10.11"]
[EventType "team-tourn"]
[EventRounds "9"]
[EventCountry "GER"]
[SourceDate "2015.09.20"]
[WhiteTeam "SFO Warnemuende"]
[BlackTeam "SV BW Grevesmuehlen"]
[WhiteTeamCountry "GER"]
[BlackTeamCountry "GER"]

1. c4 Nf6 2. Nf3 g6 3. d4 Bg7 4. Nc3 O-O 5. g3 d6 6. Bg2 c6 7. O-O Qa5 8. e4
Nbd7 9. Rb1 e5 10. b4 Qc7 11. Be3 a6 12. h3 b5 13. cxb5 axb5 14. Rc1 Qb7 15.
Qd2 Ne8 16. Bh6 Nb6 17. Bxg7 Kxg7 18. dxe5 Nc4 19. Qd4 Kg8 20. exd6 Nexd6 21.
Qf6 Ne8 22. Qh4 f6 23. g4 Qe7 24. e5 g5 25. exf6 Qxf6 26. Qxg5+ Qxg5 27. Nxg5
Ra6 28. Rfe1 Ned6 29. Re7 h6 30. Ne6 Bxe6 31. Rxe6 Kg7 32. Rd1 Rf6 33. Rxf6
Kxf6 34. Ne4+ Nxe4 35. Bxe4 Ke5 36. Re1 Kd4 37. h4 Kc3 38. g5 hxg5 39. hxg5
Kxb4 40. Re2 Kc5 41. f4 Ra7 42. g6 Nd6 43. Rc2+ Nc4 44. f5 Kd6 45. f6 Ne5 46.
g7 Ra8 47. Rxc6+ Nxc6 48. f7 1-0